تحولات الطبقات الوسطى فى الوطن العربى / (Record no. 61772)
[ view plain ]
| 000 -الفاتح | |
|---|---|
| حقل البيانات ثابتة الطول | 00849nam a22002297a 4500 |
| 005 - وقت وتاريخ اخر تعامل مع التسجيلة | |
| رقم الضبط | 20240530110515.0 |
| 008 - عناصر البيانات ثابتة الطول - معلومات عامة | |
| حقل البيانات ثابتة الطول | 160119s2013 lu ag bb 001 0 ara d |
| 020 ## - الرقم الدولى المعيارى للكتب | |
| الرقم الدولى المعيارى للكتاب | 9789953826103 |
| 040 ## - مصدر الفهرسة | |
| وكالة الفهرسة الأصلية | EG-CaGPL |
| 082 04 - رقم تصنيف ديوى العشرى | |
| رقم الطبعة | 21 |
| رقم التصنيف | 305.55\ |
| رقم المادة | أ ت |
| 100 0# - المدخل الرئيسى - إسم شخصى | |
| الإسم الشخصى | احمد موسى بدوى . |
| 245 10 - بيان العنوان | |
| العنوان | تحولات الطبقات الوسطى فى الوطن العربى / |
| بيان المسئوليه,etc | احمد موسى بدوى . |
| 250 ## - بيان الطبعة | |
| بيان الطبعة | ط1. |
| 260 ## - PUBLICATION, DISTRIBUTION, ETC. (IMPRINT) | |
| تاريخ النشر أو التوزيع | 2013 . |
| 300 ## - الوصف المادى | |
| التعداد | 448 ص ؛ |
| أبعاد الوعاء | 24 سم . |
| 504 ## - تبصرة ببليوجرافية | |
| تبصرة ببليوجرافية,الخ | ببليوجرافية : 429 - 436 |
| 650 04 - المدخل الاضافى بالموضوع-مصطلح موضوعى | |
| مصطلح موضوعي | الطبقات الاجتماعية . |
| 650 04 - المدخل الاضافى بالموضوع-مصطلح موضوعى | |
| مصطلح موضوعي | الطبقة الوسطى |
| التقسيم الفرعي الجغرافي | العالم العربى . |
| 650 04 - المدخل الاضافى بالموضوع-مصطلح موضوعى | |
| مصطلح موضوعي | الطبقات الاجتماعية |
| التقسيم الفرعي الجغرافي | العالم العربى . |
| 942 ## - عناصر المدخل الإضافي( كوها) | |
| مصدر التصنيف او مخطط الترفيف | Dewey Decimal Classification |
| Koha [default] item type | كتاب |
| 260 ## - PUBLICATION, DISTRIBUTION, ETC. (IMPRINT) | |
| -- | بيروت : |
| -- | مركز دراسات الوحدة العربية ، |
| حالة التراجع | حالة الفقد | حالة تلف | ليس للاعارة | المكان المؤقت | الموقع الحالى | تاريخ الاكتساب | اجمالي اﻻعارات | رقم الطلب | الباركود | تاريخ اخر مشاهدة | تاريخ تفعيل السعر | نوع وعاء كوها |
|---|---|---|---|---|---|---|---|---|---|---|---|---|
| مكتبة القاهرة الكبرى | مكتبة القاهرة الكبرى | 01/19/2016 | 305.55\ أ ت | 161161 | 01/19/2016 | 01/19/2016 | كتاب |

